00590 2200217 4500001002100000005001500021035002000036245007500056100002000131250000600151300003500157700001900192260003900211082000800250084001400258020002200272650002700294990001700321990001700338990001700355INLIS00000000000018520180907110111 a0010-09180000391 aSeluk Beluk Sastra Lama /cNunung Yuli Eti; Ilustrator, Rahmat Isnaini0 aNunung Yuli Eti a- aiv, 76 hlm. :bilus. ;c21 cm.0 aRahmat Isnaini aKlaten :bPT Intan Pariwara,c2008 a810 a810 NUN s a978-979-28-0234-4 aKesusastraan Indonesia a00791/P/2018 a00792/P/2018 a00793/P/2018